00294pab a2200121 454500008004000000100001900040245002900059260000900088300001700097362000800114650001500122773003500137180718b2015 xxu||||| |||| 00| 0 eng d aWrenn, Mary V. aAgency and neoliberalism c2015 ap.1231-1243. aSep aLiberalism aCambridge Journal of Economics